Posúdenie sklonu k samovznieteniu vybraných náterových látok

Na minha lista:
Detalhes bibliográficos
Autor principal: Kubovič, Ján, 1991- (Author)
Outros Autores: Martinka, Jozef, 1983- (Thesis advisor)
Formato: Manuscrito Livro
Idioma:eslovaco
Publicado em: Trnava : STU v Bratislave MTF UBEI, 2013
Assuntos:
Acesso em linha:VAIS
Tags: Adicionar Tag
Sem tags, seja o primeiro a adicionar uma tag!

MARC

LEADER 00000ntm a22000003a 4500
001 stu269951
005 20150617230246.9
008 130703s2013----xo------------------slo-d
040 |a STU  |b slo 
041 0 |a slo 
044 |a xo 
100 1 |a Kubovič, Ján,  |d 1991-  |4 aut  |u M  |T MTF Materiálovotechnologická fakulta  |X 6525  |U M  |Y 60  |7 A000006525 
242 0 0 |a Review of pyrophoric to selected coatings  |y eng 
245 1 |a Posúdenie sklonu k samovznieteniu vybraných náterových látok 
260 |a Trnava :  |b STU v Bratislave MTF UBEI,  |c 2013 
650 7 |a Occupational Health and Safety  |2 estusub 
700 1 |a Martinka, Jozef,  |d 1983-  |4 ths  |u M5000  |U MTF Materiálovotechnologická fakulta  |T MTF Ústav bezpečnosti, environmentu a kvality  |X 45163  |U M5000  |Y 85  |7 A000045163 
856 4 |a info a plný text  |u http://is.stuba.sk/zp/portal_zp.pl?podrobnosti=78785  |3 VAIS 
996 |c M*BP-6340  |l MMSKP  |s P  |a 0  |w stu269951_0001